| 000 | 00458nam a22001817a 4500 | ||
|---|---|---|---|
| 003 | CEME | ||
| 005 | 20210628202529.0 | ||
| 008 | 210121b xxu||||| |||| 00| 0 eng d | ||
| 020 | _a0-349-11529-X | ||
| 040 | _c. | ||
| 082 | _a337 LEG | ||
| 100 |
_aLegrain, Philippe _960368 |
||
| 245 | _aOpen world ,the truth about globalisation | ||
| 260 |
_aUK _bABACUS _c2002 |
||
| 300 | _a374P | ||
| 650 |
_aTHE TRUTH ABOUT GLOBALISATION _960369 |
||
| 942 |
_cBK _2ddc |
||
| 999 |
_c570108 _d570108 |
||